China in central Asia: the early stage:125 BC-AD 23 (Record no. 210733)

MARC details
000 -LEADER
fixed length control field 00374nam a2200145Ia 4500
008 - FIXED-LENGTH DATA ELEMENTS--GENERAL INFORMATION
fixed length control field 230917s9999||||xx |||||||||||||| ||und||
040 ## - CATALOGING SOURCE
-- 71155
Original cataloging agency VIVEKANANDA LIBRARY
041 ## - Language
-- English
082 ## - DDC NUMBER
Classification number 931 H879C
100 ## - MAIN ENTRY--PERSONAL NAME
Personal name Hulsewe, A F P
245 #0 - TITLE STATEMENT
Title China in central Asia: the early stage:125 BC-AD 23
260 ## - PUBLICATION, DISTRIBUTION, ETC. (IMPRINT)
Place of publication, distribution, etc Leidn
Name of publisher, distributor, etc E J Brill
Date of publication, distribution, etc 1979
300 ## - PHYSICAL DESCRIPTION
Pages viii, 266 p.
942 ## - ADDED ENTRY ELEMENTS (KOHA)
Koha item type Books
Holdings
Withdrawn status Lost status Damaged status Not for loan Location (home branch) Sublocation or collection (holding branch) Date acquired Koha issues (times borrowed) Koha full call number Accession No. Koha date last seen Koha item type
        VIVEKANANDA LIBRARY VIVEKANANDA LIBRARY 04/02/2003   931 H879C 73457 17/09/2023 Books
© Designed and Maintained by Vivekananda Library, MDU Rohtak